Statistics for Norway Quiz #2

Click here to take the quiz!

General Stats

  • This quiz has been taken 22 times
    (13 since last reset)
  • The average score is 6 of 7

Answer Stats

QuestionAnswer% Correct
What is the national dish of Norway?Mutton and cabbage stew
100%
When is the independence day of Norway?17.May
92%
How many people live in Norway? (2021)5,4 Million
92%
Is the healhcare system in Norway free?Yes
92%
What is the second largest city in Norway?Bergen
83%
What is Norways National animal?The moose
83%
What is the national athem of Norway?Ja vi elsker
75%

Score Distribution

Percentile by Number Answered

Percent of People with Each Score

Your Score History

You have not taken this quiz since the last reset